000
00340nam a22001457a 4500
008
221114b ||||| |||| 00| 0 eng d
020
_a
0231062230
041
_a
eng
080
_2
SECOND EDITION
_a
159.9
082
_a
159.9 WEI
100
_a
25
101
_a
PSI
245
_a
ETHICAL ISSUES IN DEATH AND DYING
_c
WEIR R
942
_2
udc
_c
BK
999
_c
58894
_d
58894